000 00288nam a22001337a 4500
008 181102b xxu||||| |||| 00| 0 eng d
020 _a9780201398557
041 _aeng
080 _a004
100 _a28
101 _aSHKI
245 _a3D Computer Graphics
_cWatt, A
942 _2udc
_cBK
999 _c51675
_d51675